Statistics for NBA 2019-20 Starters - College Teams

Click here to take the quiz!

General Stats

  • This quiz has been taken 99 times
    (91 since last reset)
  • The average score is 76 of 129

Answer Stats

TeamPlayerCollege% Correct
Philadelphia 76ersBen SimmonsLSU
96%
Philadelphia 76ersJoel EmbiidKansas
91%
Houston RocketsRussell WestbrookUCLA
91%
Boston CelticsJayson TatumDuke
89%
Brooklyn NetsKyrie IrvingDuke
89%
Cleveland CavaliersKevin LoveUCLA
89%
Boston CelticsKemba WalkerUConn
89%
Houston RocketsJames HardenArizona St.
88%
Atlanta HawksTrae YoungOklahoma
88%
New Orleans PelicansLonzo BallUCLA
88%
Boston CelticsGordon HaywardButler
87%
New York KnicksR.J. BarrettDuke
87%
Sacramento KingsMarvin Bagley IIIDuke
87%
Los Angeles LakersAnthony DavisKentucky
87%
Los Angeles ClippersKawhi LeonardSan Diego St.
87%
New Orleans PelicansBrandon IngramDuke
86%
Minnesota TimberwolvesKarl-Anthony TownsKentucky
86%
Atlanta HawksCam ReddishDuke
84%
New Orleans PelicansJ.J. RedickDuke
84%
Sacramento KingsDe'Aaron FoxKentucky
84%
Chicago BullsWendell Carter Jr.Duke
83%
Philadelphia 76ersAl HorfordFlorida
83%
Miami HeatTyler HerroKentucky
83%
Memphis GrizzliesJa MorantMurray St.
83%
Oklahoma City ThunderChris PaulWake Forest
83%
Phoenix SunsDevin BookerKentucky
82%
New York KnicksJulius RandleKentucky
82%
Cleveland CavaliersCollin SextonAlabama
80%
Phoenix SunsDeandre AytonArizona
80%
Golden State WarriorsStephen CurryDavidson
80%
Golden State WarriorsDraymond GreenMichigan St.
80%
Chicago BullsZach LavineUCLA
79%
Minnesota TimberwolvesAndrew WigginsKansas
78%
Portland Trail BlazersDamian LillardWeber St.
78%
Utah JazzDonovan MitchellLouisville
76%
Sacramento KingsBuddy HieldOklahoma
76%
Boston CelticsJaylen BrownCal
75%
Miami HeatBam AdebayoKentucky
75%
Toronto RaptorsKyle LowryVillanova
75%
Charlotte HornetsP.J. WashingtonKentucky
74%
Atlanta HawksDeandre HunterVirginia
74%
Memphis GrizzliesJaren Jackson Jr.Michigan St.
72%
Denver NuggetsJamal MurrayKentucky
71%
Golden State WarriorsD'Angelo RussellOhio St.
71%
Milwaukee BucksBrook LopezStanford
71%
Oklahoma City ThunderShai Gilgeous-AlexanderKentucky
68%
San Antonio SpursLamarcus AldridgeTexas
68%
Chicago BullsLauri MarkkanenArizona
67%
Washington WizardsRui HachimuraGonzaga
67%
Charlotte HornetsMiles BridgesMichigan St.
67%
Memphis GrizzliesDillon BrooksOregon
67%
Indiana PacersMyles TurnerTexas
67%
New Orleans PelicansJrue HolidayUCLA
67%
Miami HeatJustice WinslowDuke
66%
San Antonio SpursDemar DeRozanUSC
66%
Portland Trail BlazersC.J. McCollumLehigh
64%
Sacramento KingsHarrison BarnesNorth Carolina
64%
Detroit PistonsAndre DrummondUConn
64%
Toronto RaptorsFred VanVleetWichita St.
64%
Washington WizardsBradley BealFlorida
63%
Brooklyn NetsJarrett AllenTexas
63%
Indiana PacersDomantas SabonisGonzaga
62%
Orlando MagicAaron GordonArizona
61%
Orlando MagicJonathan IsaacFlorida St.
61%
Chicago BullsOtto Porter Jr.Georgetown
61%
New York KnicksMarcus MorrisKansas
61%
Detroit PistonsMarkieff MorrisKansas
61%
Milwaukee BucksEric BledsoeKentucky
61%
Utah JazzMike ConleyOhio St.
61%
Cleveland CavaliersDarius GarlandVanderbilt
59%
Indiana PacersMalcolm BrogdonVirginia
58%
Portland Trail BlazersRodney HoodDuke
57%
Charlotte HornetsCody ZellerIndiana
54%
Brooklyn NetsCaris LevertMichigan
53%
Los Angeles LakersDanny GreenNorth Carolina
53%
Milwaukee BucksKhris MiddletonTexas A&M
53%
Indiana PacersJeremy LambUConn
53%
Atlanta HawksJohn CollinsWake Forest
53%
Portland Trail BlazersZach CollinsGonzaga
51%
Phoenix SunsKelly Oubre Jr.Kansas
51%
Golden State WarriorsGlen Robinson IIIMichigan
51%
Brooklyn NetsTaurean PrinceBaylor
50%
San Antonio SpursTrey LylesKentucky
49%
Denver NuggetsGary HarrisMichigan St.
49%
Oklahoma City ThunderSteven AdamsPittsburgh
49%
Philadelphia 76ersTobias HarrisTennessee
49%
Toronto RaptorsOG AnunobyIndiana
47%
Toronto RaptorsPascal SiakamNew Mexico St.
47%
New York KnicksAlonzo TrierArizona
46%
Charlotte HornetsTerry RozierLouisville
46%
Memphis GrizzliesJae CrowderMarquette
46%
Brooklyn NetsJoe HarrisVirginia
46%
Los Angeles ClippersLandry ShametWichita St.
46%
New York KnicksBobby PortisArkansas
45%
Cleveland CavaliersTristain ThompsonTexas
43%
Los Angeles ClippersPatrick PattersonKentucky
42%
Philadelphia 76ersJosh RichardsonTennessee
42%
Charlotte HornetsDwayne BaconFlorida St.
41%
Atlanta HawksAlex LenMaryland
41%
Orlando MagicNikola VucevicUSC
41%
Indiana PacersT.J. WarrenNorth Carolina St.
39%
Washington WizardsThomas BryantIndiana
38%
Milwaukee BucksWesley MatthewsMarquette
38%
Orlando MagicD.J. AugustinTexas
38%
San Antonio SpursDejounte MurrayWashington
38%
Los Angeles LakersAvery BradleyTexas
37%
Los Angeles ClippersPatrick BeverlyArkansas
36%
San Antonio SpursBrynn ForbesMichigan St.
36%
Miami HeatKendrick NunnOakland
36%
New Orleans PelicansDerrick FavorsGeorgia Tech
34%
Houston RocketsP.J. TuckerTexas
34%
Golden State WarriorsKevon LooneyUCLA
33%
Portland Trail BlazersHassan WhitesideMarshall
30%
Los Angeles LakersJavale McGeeNevada
30%
Detroit PistonsTony SnellNew Mexico
30%
Houston RocketsDanuel House Jr.Texas A&M
29%
Detroit PistonsBruce BrownMiami
28%
Minnesota TimberwolvesJeff TeagueWake Forest
28%
Denver NuggetsPaul MillsapLouisiana Tech
26%
Minnesota TimberwolvesRobert CovingtonTennessee St.
26%
Detroit PistonsReggie JacksonBoston College
25%
Miami HeatMyers LeonardIllinois
25%
Denver NuggetsWill BartonMemphis
24%
Dallas MavericksDelon WrightUtah
24%
Utah JazzRoyce O'NealeBaylor
22%
Dallas MavericksCourtney LeeWestern Kentucky
16%
Sacramento KingsDewayne DedmonUSC
14%
Minnesota TimberwolvesTre'Veon GrahamVCU
14%
Washington WizardsIsh SmithWake Forest
9%

Score Distribution

Percentile by Number Answered

Percent of People with Each Score

Your Score History

You have not taken this quiz since the last reset